Tabla de contenidos: número 42, 1990
Sábháilte in:
| Formáid: | Téacs |
|---|---|
| Teanga: | Spanish |
| Clibeanna: |
Cuir clib leis
Níl clibeanna ann, Bí ar an gcéad duine le clib a chur leis an taifead seo!
|
MARC
| LEADER | 00000 a a2200000 04500 | ||
|---|---|---|---|
| 003 | cru IIS | ||
| 005 | 20220217094938.0 | ||
| 008 | 220217b |||||||| |||| 00| 0 spa d | ||
| 040 | |c cru IIS | ||
| 245 | |a Tabla de contenidos: |b número 42, 1990 | ||
| 505 | |a Contenido: 1.Optimismo por acuerdo con insurgentes guatemaltecos. -- 2.El Salvador: aires de paz tras acuerdos de Caracas. -- 3.Por bancarrota estatal: Nicaragua urge ayuda internacional. -- 4.Nicaragua: nuevo compromiso de desarme. -- 5.Costa Rica: polémico ajuste económico del nuevo gobierno. -- 6.Honduras: crisis económica y brotes de violencia | ||
| 773 | 0 | |0 42570 |9 6321 |a Universidad de Costa Rica |d San José, Costa Rica CSUCA-PAX; Universidad de Costa Rica, 1988- |o 21704 |t Centroamérica Hoy/ | |
| 942 | |2 ddc |c PP | ||
| 999 | |c 44099 |d 44099 | ||
